书目信息 |
| 题名: |
新编书法字典
|
|
| 作者: | 王春林 编 | |
| 分册: | ||
| 出版信息: | 沈阳 辽宁人民出版社 1991.5 |
|
| 页数: | 1106页 | |
| 开本: | 19cm | |
| 丛书名: | ||
| 单 册: | ||
| 中图分类: | J292.3-61 , J292-61 | |
| 科图分类: | ||
| 主题词: | 法帖--中国 | |
| 电子资源: | ||
| ISBN: | 7-205-01849-8 | |
| 000 | 00782nam0 2200253 45 | |
| 001 | 0192009297 | |
| 005 | 20061114155325.93 | |
| 010 | @a7-205-01849-8@b精装@dCNY27.00 | |
| 100 | @a19920330d1991 em y0chiy0121 ea | |
| 101 | 0 | @achi |
| 102 | @aCN@b210000 | |
| 105 | @ay e 001yy | |
| 200 | 10 | @a新编书法字典@AXIN BIAN SHU FA ZI DIAN@f王春林等编@FWANG CHUN LIN DENG BIAN |
| 210 | @a沈阳@c辽宁人民出版社@d1991.5 | |
| 215 | @a1106页@d19cm | |
| 330 | @a本字典共收集单字7700余个,包括了《新化字典》中所有的字头文字。 | |
| 517 | 1 | @a书法字典@ASHU FA ZI DIAN |
| 540 | 1 | @a书法 字典@ASHU FA ZI DIAN |
| 606 | @a法帖@y中国 | |
| 690 | @aJ292.3-61@v三版 | |
| 690 | @aJ292-61@v3 | |
| 701 | 0 | @a王春林@AWANG CHUN LIN@4编 |
| 801 | 0 | @aCN@bTSSF@c20061114 |
| 905 | @a10447@dJ292-61@e266 | |
| 新编书法字典/王春林等编.-沈阳:辽宁人民出版社,1991.5 |
| 1106页;19cm |
| ISBN 7-205-01849-8(精装):CNY27.00 |
| 本字典共收集单字7700余个,包括了《新化字典》中所有的字头文字。 |
| ● |
| 相关链接 |
|
|
|
|
正题名:新编书法字典
索取号:J292-61/266
 
预约/预借
| 序号 | 登录号 | 条形码 | 馆藏地/架位号 | 状态 | 备注 |
| 1 | 0254176 | 000696054 | 第一样本阅览室/ [索取号:J292-61/266] | 在馆 |